000 01120nam0a22003011 4500
001 RU\NLR\INFOCOMM_36\5000221622
005 20250613095007.0
035 _a(NLR Aleph) 009282219
090 _a9168380
_c9168380
100 _a20100921d1981 |||y0rusy50 ca
101 0 _aeng
102 _aRU
105 _ay ||||000|y
200 1 _aArms build-up and disarmament
_eTheir socio-econ. impact
_fAlexander Yefremov
210 _aΜ.
_cProfizdat
_d1981
215 _a77 с.
_d16 см
300 _aВ вып. дан.: Социально-экономические последствия гонки вооружений и разоружение/ Ефремов Александр Ефремович
300 _aНа обл. авт. не указан
606 _aМилитаризм
_2nlr_sh1
606 _aРазоружение
_2nlr_sh1
686 _aТ3(0)63-098
_2rubbk
700 1 _9z02790
_aEfremov
_bA. E.
_f1921-
_gAleksandr Efremovič
_4070
790 1 _9z02700
_aYefremov
_bA.
_gAlexander
_4070
801 1 _aRU
_bNLR
_c20100921
801 0 _aRU
_bNLR
_gPSBO
852 _aNLR
_jИ11 Д-2/19
942 _cBOOK
980 _aNB